| 000 -CABECERA |
| campo de control de longitud fija |
00804nam a2200265 a 4500 |
| 001 - NÚMERO DE CONTROL |
| campo de control |
000054698 |
| 005 - FECHA Y HORA DE LA ÚLTIMA TRANSACCIÓN |
| campo de control |
20200120222911.0 |
| 008 - DATOS DE LONGITUD FIJA--INFORMACIÓN GENERAL |
| campo de control de longitud fija |
050413s2006 ve a br 000 p spa d |
| 020 ## - NÚMERO INTERNACIONAL ESTÁNDAR DEL LIBRO |
| Número Internacional Estándar del Libro |
9806993020 |
| 041 0# - CÓDIGO DE LENGUA |
| Código de lengua del texto/banda sonora o título independiente |
*spa |
| 090 ## - LOCALMENTE ASIGNADO TIPO-LC NÚMERO DE CLASIFICACIÓN (OCLC); NÚMERO DE CLASIFICACIÓN LOCAL (RLIN) |
| Número de clasificación (OCLC) (R) ; Numero de clasificación, CALL (RLIN) (NR) |
P |
| Número cutter local (OCLC) ; Número de libro/Signatura topográfica íntegra, CALL (RLIN) |
POMlp |
| 100 1# - ENTRADA PRINCIPAL--NOMBRE DE PERSONA |
| Nombre de persona |
Pombo, Rafael |
| Fechas asociadas al nombre |
1833-1912. |
| 245 10 - MENCIÓN DE TÍTULO |
| Título |
Letras minúsculas : |
| Resto del título |
un poema / |
| Mención de responsabilidad, etc. |
Rafael Pombo ; ilustraciones de Gerald Espinoza. |
| 250 ## - MENCIÓN DE EDICIÓN |
| Mención de edición |
1a. ed. |
| 260 ## - PUBLICACIÓN, DISTRIBUCIÓN, ETC. |
| Lugar de publicación, distribución, etc. |
Caracas : |
| Nombre del editor, distribuidor, etc. |
Ediciones B, |
| Fecha de publicación, distribución, etc. |
[2006]. |
| 300 ## - DESCRIPCIÓN FÍSICA |
| Extensión |
[28] p. |
| 490 0# - MENCIÓN DE SERIE |
| Mención de serie |
Iguana |
| 500 ## - NOTA GENERAL |
| Nota general |
Título tomado de la carátula |
| 500 ## - NOTA GENERAL |
| Nota general |
Ej.1 de Mosquera donado por la Biblioteca Nacional - PNLB 2012. |
| 650 14 - PUNTO DE ACCESO ADICIONAL DE MATERIA--TÉRMINO DE MATERIA |
| Término de materia o nombre geográfico como elemento de entrada |
Poesía infantil |
| 650 24 - PUNTO DE ACCESO ADICIONAL DE MATERIA--TÉRMINO DE MATERIA |
| Término de materia o nombre geográfico como elemento de entrada |
Literatura infantil |
| 650 24 - PUNTO DE ACCESO ADICIONAL DE MATERIA--TÉRMINO DE MATERIA |
| Término de materia o nombre geográfico como elemento de entrada |
Literatura Colombiana |
| 650 24 - PUNTO DE ACCESO ADICIONAL DE MATERIA--TÉRMINO DE MATERIA |
| Término de materia o nombre geográfico como elemento de entrada |
Letras |
| Subdivisión general |
Poesía infantil |
| 700 1# - PUNTO DE ACCESO ADICIONAL--NOMBRE DE PERSONA |
| Nombre de persona |
Espinoza, Gerald |
| Término indicativo de función/relación |
tr. |